000 00605nam a2200193Ia 4500
003 IN-BaIIA
008 211028s9999 xx 000 0 eng d
040 _cIIA Library
080 _a083.7:669.586.5
_bISI
110 _aIndian Standards Institution
245 0 _aIndian standard specification for hot-dip galvanized coatings on fasteners
_cIndian Standards Institution
260 _aNew Delhi
_bIndian Standards Institution
_c1970
300 _a6p.
500 _aIS 5358 : 1969
650 _a Hot-Dip Galvanized Coatings
_99109
650 _a Standards 
650 _aNASA Thesaurus 
942 _cBK
999 _c5124
_d5124